000 01564nam a2200253 a 4500
003 OSt
005 20230215093944.0
007 ta
008 180327s2011 dr 000 0 spa d
040 _aDO-SdBNP
_bspa
_cBNPHU
082 4 _a343.034
_bR426L, 2011
_222
110 2 _aRepública Dominicana
_911088
_bMinisterio de Hacienda .
_bDirección General de Presupuesto
240 _a [Leyes, etc.]
245 1 0 _aLey de presupuesto general del Estado, 2011
_b
260 _aSanto Domingo :
_bMinisterio de Hacienda,
_c2011
300 _a2v. ;
_c28 cm.
505 0 _gv.1.
_av.1. Presupuesto del gobierno central --
_t Informe explicativo presupuesto 2011 --
_t Primera parte : Ley de presupuesto general del Estado 2011 --
_tSegunda parte : informe de los ingresos año 2011 --
_tInformación de los gastos 2011 --
_tTransferencias a instituciones por fuente de financiamiento --
_tEtimación de los gastos tributarios --
_tMatriz de gastos tributarios --
_tTercera parte : Distribución institucional de los gastos apropiados --
_tPoder Judicial --
_tOrganismo especiales --
_g v. 2 .
_t Presupuesto de las instituciones descentralizadas y autónomas no financieras y de las instituciones públicas de la seguridad social.
590 _aInventariado, 2021 /VM
650 4 _aPresupuesto
_xLegislación
_zRepública Dominicana
_97940
_2
_y2011
650 4 _aGastos públicos
_xLegislación
_zRepública Dominicana
_977701
650 4 _aHacienda pública
_xLegislación
_zRepública Dominicana
_96562
910 _aVMateo /Validado. Control de calidad MFF
942 _2ddc
_cLBS1
999 _c49305
_d49305